Empresas do Grupo Volkswagen - Statistics

Estatísticas Gerais
  • Esse quiz foi jogado 93 vezes
    92 desde o último reset
  • A pontuação média é 7 de 13
Estatísticas das Respostas
Sede Empresa % Correto
Wolfsburg, Alemanha Volkswagen
87%
Ingolstadt, Alemanha Audi
83%
Stuttgart, Alemanha Porsche
74%
Molsheim, França Bugatti
64%
Mladá Boleslav, República Tcheca Škoda
59%
Martorell, Espanha Seat
56%
Sant'Agata Bolognese, Itália Lamborghini
55%
Crewe, Reino Unido Bentley
49%
Södertälje, Suécia Scania
41%
Borgo Panigale - Bologna, Itália Ducatti
37%
Munique, Alemanha MAN
37%
Wolfsburg, Alemanha VfL Wolfsburg
6%
Resende, Brasil VW Caminhões e Ônibus
6%
Nenhum quiz correspondente encontrado
Distribuição das Pontuações
Porcentagem de Pessoas com Cada Pontuação
Percentil de Números Respondidos
Sua Pontuação Histórica
Você não jogou esse quiz desde o último reset